000 00410nam a22001817a 4500
003 MPLRDC
005 20220104171159.0
008 210129b ||||| |||| 00| 0 eng d
020 _a983-9072-47-1
082 _a859.6 HAG
100 _a
245 _aKING SOLOMON'S MINES
_c
250 _a初版
260 _a
_bMECRON
_c1986
300 _b
650 _aCHILDREN LITERATURE
942 _cBK
_o859.6 HAG
999 _c58327
_d58317